|
|
|
|
| LEADER |
00000nam0a2200000 4500 |
| 001 |
126015 |
| 005 |
20231031131708.0 |
| 010 |
|
|
|a 5280003530
|
| 010 |
|
|
|a 5-280-00354-9
|
| 020 |
|
|
|a RU
|b 88-14636
|
| 035 |
|
|
|a (RuTPU)RU\TPU\book\136336
|
| 090 |
|
|
|a 126015
|
| 100 |
|
|
|a 20071123g1988 m y0rusy5003 ca
|
| 101 |
1 |
|
|a rus
|c spa
|
| 102 |
|
|
|a RU
|
| 105 |
|
|
|a y z 000ay
|
| 200 |
1 |
|
|a Избранные произведения
|e В 2 т.
|e Романы. Пер с исп.
|h Т. 1. Ураган. Зеленый папа
|f М.А. Астуриас
|g авт. предисл. Л. Осповат ; коммент. Г. Ершова
|
| 210 |
|
|
|a Москва
|c Художественная литература
|d 1988
|
| 215 |
|
|
|d 21 см
|a 526 с.
|
| 610 |
0 |
|
|a Гватемала, 20 в.
|
| 610 |
0 |
|
|a Американский империализм
|
| 610 |
0 |
|
|a романы
|
| 675 |
|
|
|a 86
|z rus
|
| 700 |
|
1 |
|a Астуриас
|b М.А.
|g Мигель Анхель
|4 070
|
| 702 |
|
1 |
|a Осповат
|b Л.
|4 080
|
| 702 |
|
1 |
|a Ершова
|b Г.
|4 210
|
| 801 |
|
0 |
|a RU
|b RuMRKP
|c 19950417
|g psbo
|
| 801 |
|
1 |
|a RU
|b 63413507
|c 20071123
|g PSBO
|
| 801 |
|
2 |
|a RU
|b 63413507
|c 20071123
|g PSBO
|
| 942 |
|
|
|c BK
|